000 01099nam a2200253 a 4500
003 OSt
005 20220328095444.0
007 ta
008 210309b2020 ||||| |||| 00| 0 spa d
020 _a9789993445296
040 _aDO-SdBNP
_bspa
_cBNPHU
082 4 _a414
_bS237m
_222
100 1 0 _aSantos, Julio, de los
_91367
245 1 0 _aMorfofonología y segmentación morfológica /
_cJulios de los Santos ; prólogo Gerardo Roa Ogando.
260 _aSanto Domingo :
_bSurco,
_c2020
300 _a254 p. ;
_c23 cm
504 _aBibliografía : p. 253-254
505 0 _aPrólogo --
_tPresentación --
_gCapítulo I :
_tAspectos preliminares --
_g Capítulo II :
_tDistinción lengua - habla --
_gCapítulo III :
_tEl morfema --
_gCapítulo IV :
_tMorfofonología y semántica --
_gCapítulo V :
_tMorfofonología, morfonema y segmentación --
_tEpílogo --
_tBibliografía.
590 _aInventariado, 2021 / DG
650 0 _95112
_aMorfología (Gramática)
700 1 _aRoa Ogando, Gerardo,
_epról.
_974487
910 _aInventariado, 2021 / DG.Validado. Control de calidad. MAA
942 _2ddc
_cLBS1
999 _c49518
_d49518